President Facts - Statistics

General Stats
  • This quiz has been taken 24 times
  • The average score is 21 of 45
Answer Stats
Hint Answer % Correct
He did in fact, have sexual relations with that woman Bill Clinton
94%
He is the only president born in Hawaii Barack Obama
89%
He is the wealthiest president Donald Trump
89%
His slogan was "I like Ike" Dwight D. Eisenhower
89%
He is the only president to resign Richard Nixon
89%
He was the first president to be impeached Andrew Johnson
83%
He served the longest term of any president Franklin D. Roosevelt
83%
His teeth were made of human teeth and hippo ivory George Washington
78%
He was the first president to be elected to non-consecutivley Grover Cleveland
78%
The "S" isn't short for anything; it stands for Solomon and Shippe Harry S. Truman
78%
He was the youngest president to be inaugurated John F. Kennedy
78%
He and John Adams died the same day Thomas Jefferson
78%
He's the only president to be the grandson of a former president Benjamin Harrison
61%
He was never elected president, or vice president Gerald Ford
61%
He was the shortest president at 5'4" James Madison
61%
He had the shortest term in office William Henry Harrison
61%
He went on to be Chief Justice of the Supreme Court William Howard Taft
61%
He wore a red carnation for good luck, except for the day he was shot William McKinley
61%
He was shot during a duel, and calmly shot the other guy Andrew Jackson
56%
The capital of Liberia is named after him James Monroe
56%
His grandson died in 2020, when he was born in 1790 John Tyler
56%
He would take meetings on the toilet, with the door open Lyndon B. Johnson
56%
After a balloon popped, sounding like a gunshot, he said "missed me" Ronald Reagan
56%
He was shot, and then gave an 84-minute speech Theodore Roosevelt
56%
He had shoes thrown at him George W. Bush
50%
He won 299 out of 300 wrestling matches he was in Abraham Lincoln
44%
He made new taxes George H.W. Bush
44%
He is the only president to never have been married James Buchanan
44%
He was inaugurated senator in a hospital Joe Biden
33%
He would skinny dip in the Potomac River John Quincy Adams
33%
He is the only president to claim to have seen a UFO Jimmy Carter
22%
He was pulled over while president Ulysses S. Grant
22%
His kids died young Franklin Pierce
17%
He could write Greek with one hand and Latin with the other James A. Garfield
11%
He had the shortest retirement of any president James K. Polk
11%
His dog's name was Satan John Adams
11%
His nickname invented the term "OK" Martin Van Buren
11%
He would eat raw eggs and grape juice every morning Woodrow Wilson
11%
He bathed his head in Vaseline every morning Calvin Coolidge
6%
He and his wife would speak Mandarin to each other Herbert Hoover
6%
His last words were about soup Millard Fillmore
6%
His horse's name was Old Whitey Zachary Taylor
6%
He would take long walks around the White House at night Chester A. Arthur
0%
His phone number was "1" Rutherford B. Hayes
0%
He gambled away a set of White-House China Warren G. Harding
0%
No matching quizzes found
Score Distribution
Percent of People with Each Score
Percentile by Number Answered
Your Score History
You have not taken this quiz